The brownfield guide (Record no. 108022)

MARC details
000 -LEADER
fixed length control field 01284cad a22002175a 4500
001 - CONTROL NUMBER
control field L142937
008 - FIXED-LENGTH DATA ELEMENTS--GENERAL INFORMATION
fixed length control field 080319s2008 xxk f 000 0 eng d
035 ## - SYSTEM CONTROL NUMBER
System control number (Sirsi) u142937
041 0# - LANGUAGE CODE
Language code of text/sound track or separate title eng
050 04 - LIBRARY OF CONGRESS CALL NUMBER
Classification number 333.73 $2 18
110 2# - MAIN ENTRY--CORPORATE NAME
Corporate name or jurisdiction name as entry element English Partnerships
9 (RLIN) 1764
245 04 - TITLE STATEMENT
Title The brownfield guide
Remainder of title a practitioner's guide to land reuse in England
Medium [electronic resource]
260 ## - PUBLICATION, DISTRIBUTION, ETC.
Place of publication, distribution, etc. London
Name of publisher, distributor, etc. English Partnerships
Date of publication, distribution, etc. 2008
520 ## - SUMMARY, ETC.
Summary, etc. Provides guidance on how brownfield sites should best be considered for reuse. Sets out the best practice approach used by English Partnerships, which acknowledges that not all land is suitable for redevelopment. Includes a definition of brownfield land. Describes common problems and constraints associated with it. Sets out best practice regarding how to achieve the most common goals associated with redevelopment needs. Describes the regulatory framework currently in place.
521 2# - TARGET AUDIENCE NOTE
Target audience note Advanced
590 ## - LOCAL NOTE (RLIN)
Local note KA
651 #4 - SUBJECT ADDED ENTRY--GEOGRAPHIC NAME
Geographic name United Kingdom
Chronological subdivision
690 ## - LOCAL SUBJECT ADDED ENTRY--TOPICAL TERM (OCLC, RLIN)
Topical term or geographic name as entry element PROPERTY-PROPERTY MANAGEMENT-REGENERATION
856 40 - ELECTRONIC LOCATION AND ACCESS
Uniform Resource Identifier <a href="https://collections.europarchive.org/tna/20100911035042/http://www.englishpartnerships.co.uk/landsupplypublications.htm">https://collections.europarchive.org/tna/20100911035042/http://www.englishpartnerships.co.uk/landsupplypublications.htm</a>
Public note View the item free of charge in the archived version of English Partnerships website
942 ## - ADDED ENTRY ELEMENTS (KOHA)
Suppress in OPAC 0
Holdings
Withdrawn status Lost status Source of classification or shelving scheme Damaged status Not for loan Home library Current library Shelving location Date acquired Total Checkouts Full call number Barcode Date last seen Copy number Price effective from Koha item type
    Dewey Decimal Classification     Virtual Virtual Online 19/03/2008   ONLINE PUBLICATION 142937-1001 06/08/2019 1 06/08/2019 Book